[Event "LSKs 6:e int. junior"]
[Site "Malmoe"]
[Date "2000.06.17"]
[Round "3"]
[White "Mach, Petr"]
[Black "Debowiak, Marcin"]
[Result "1-0"]
[WhiteElo "2215"]
[BlackElo "2114"]
[PlyCount "67"]
[EventDate "2000.06.??"]
[Source "Martin Tretvold"]

1. e4 e6 2. d4 d5 3. e5 c5 4. Nf3 Nc6 5. Bd3 cxd4 6. O-O Bd7 7. a3 a5 8. b3 Bc5
9. Bf4 Nge7 10. Nbd2 Ng6 11. Bg3 Qe7 12. h4 f5 13. h5 Nf8 14. Bh4 Qf7 15. b4
Be7 16. Bxe7 Qxe7 17. b5 Nd8 18. Nxd4 Nf7 19. Re1 g6 20. c4 dxc4 21. Nxc4 Rg8
22. h6 Qh4 23. Nb3 g5 24. Qf3 Rb8 25. Nd6+ Nxd6 26. exd6 f4 27. Nc5 Qxh6 28.
Bf5 Qf6 29. Bg4 e5 30. Bh5+ Ng6 31. Qd5 Rg7 32. Rxe5+ Kd8 33. Bxg6 hxg6 34.
Rae1 1-0

[Event "LSKs 6:e int. junior"]
[Site "Malmoe"]
[Date "2000.06.17"]
[Round "3"]
[White "Olsson, Linus"]
[Black "Wakeham, Daniel"]
[Result "1-0"]
[WhiteElo "2105"]
[BlackElo "2104"]
[PlyCount "61"]
[EventDate "2000.06.??"]
[Source "Martin Tretvold"]

1. d4 e6 2. c4 Nf6 3. g3 d5 4. Bg2 Be7 5. Nf3 O-O 6. O-O c6 7. Qc2 b6 8. Nbd2
Ba6 9. b3 Nbd7 10. e4 dxe4 11. Nxe4 Bb7 12. Bb2 Nxe4 13. Qxe4 Nf6 14. Qc2 c5
15. d5 exd5 16. Ng5 g6 17. h4 Qc7 18. cxd5 Nxd5 19. Rad1 Rad8 20. Rfe1 b5 21.
Qe2 h6 22. Ne6 fxe6 23. Qxe6+ Kh7 24. Bxd5 Bxd5 25. Rxd5 Rxd5 26. Qxd5 Qd6 27.
Qb7 Rf7 28. Qxb5 Qd2 29. Re2 Qd1+ 30. Kh2 Qd6 31. Qe8 1-0

[Event "LSKs 6:e int. junior"]
[Site "Malmoe"]
[Date "2000.06.17"]
[Round "3"]
[White "Tretvold, Martin"]
[Black "Laksman, Efraim"]
[Result "0-1"]
[WhiteElo "1745"]
[BlackElo "2121"]
[PlyCount "56"]
[EventDate "2000.06.??"]
[Source "Martin Tretvold"]

1. c4 b6 2. Nc3 Bb7 3. e4 e6 4. d3 Bb4 5. Qc2 Nc6 6. Be3 Nge7 7. a3 Bxc3+ 8.
bxc3 O-O 9. f4 d5 10. cxd5 exd5 11. e5 d4 12. Bf2 dxc3 13. Qxc3 Nd5 14. Qd2 Na5
15. Rb1 f6 16. d4 fxe5 17. fxe5 Qe7 18. Nf3 Qxa3 19. Be2 Nc3 20. Qb2 Nxb1 21.
Qxb1 Qc3+ 22. Kf1 Nb3 23. Kg1 Bc6 24. Qf1 a5 25. Be1 Qc1 26. Qf2 a4 27. Qh4
Qe3+ 28. Bf2 Qxe2 0-1

[Event "LSKs 6:e int. junior"]
[Site "Malmoe"]
[Date "2000.06.17"]
[Round "3"]
[White "Pirklova, Hana"]
[Black "Innab, Schass"]
[Result "1-0"]
[WhiteElo "2076"]
[BlackElo "1899"]
[PlyCount "67"]
[EventDate "2000.06.??"]
[Source "Martin Tretvold"]

1. e4 e6 2. d4 d5 3. e5 c5 4. c3 Nc6 5. Nf3 Qb6 6. a3 cxd4 7. cxd4 Nge7 8. Nc3
Nf5 9. Na4 Qd8 10. Be2 Bd7 11. O-O Be7 12. b3 O-O 13. g4 Nh4 14. Nxh4 Bxh4 15.
f4 f6 16. Bb2 fxe5 17. dxe5 Be7 18. Qd3 a6 19. Bd1 b5 20. Nc3 Bc5+ 21. Kh1 Qh4
22. b4 Ba7 23. Nxd5 Nxe5 24. Bxe5 Bc6 25. Bf3 Rad8 26. Bxg7 Rxf4 27. Nf6+ Kxg7
28. Qxd8 Bxf3+ 29. Rxf3 Qxf6 30. Qc7+ Kg6 31. Qxf4 Qxa1+ 32. Rf1 Qg7 33. Qe4+
Kg5 34. Rf5+ 1-0

[Event "LSKs 6:e int. junior"]
[Site "Malmoe"]
[Date "2000.06.17"]
[Round "3"]
[White "Cherkasova, Evgenia"]
[Black "Stahlberg, David"]
[Result "1/2-1/2"]
[WhiteElo "2046"]
[BlackElo "1845"]
[PlyCount "83"]
[EventDate "2000.06.??"]
[Source "Martin Tretvold"]

1. e4 e6 2. d4 d5 3. Nd2 dxe4 4. Nxe4 Nf6 5. Qd3 Nxe4 6. Qxe4 Qd5 7. Qe3 Nc6 8.
c3 Be7 9. Nf3 O-O 10. Bd3 Bf6 11. Qe2 e5 12. Be4 Qd6 13. d5 Ne7 14. Qd3 g6 15.
O-O Bg7 16. Qc4 b5 17. Qb3 h6 18. Rd1 f5 19. Bc2 a6 20. c4 bxc4 21. Qxc4 e4 22.
Nd4 Bb7 23. Nc6 Kh7 24. Nxe7 Qxe7 25. Be3 Rfd8 26. Rab1 Be5 27. Bb3 Bd6 28. Qc1
Qh4 29. g3 Qh5 30. Bf4 Rac8 31. Bxd6 Rxd6 32. Qe3 Rcd8 33. Qa7 Rb6 34. d6 Ra8
35. Qxa8 Bxa8 36. d7 e3 37. d8=Q exf2+ 38. Kf1 Qh3+ 39. Ke2 Qg4+ 40. Kf1 Qh3+
41. Ke2 Qg4+ 42. Kf1 1/2-1/2

[Event "LSKs 6:e int. junior"]
[Site "Malmoe"]
[Date "2000.06.17"]
[Round "3"]
[White "Stahlberg, Adam"]
[Black "Cherkasova, Marina"]
[Result "1/2-1/2"]
[WhiteElo "1857"]
[BlackElo "2133"]
[PlyCount "49"]
[EventDate "2000.06.??"]
[Source "Martin Tretvold"]

1. Nf3 c5 2. g3 e6 3. Bg2 Nc6 4. c4 Nf6 5. Nc3 d5 6. cxd5 exd5 7. d4 c4 8. O-O
Bb4 9. Ne5 O-O 10. Bg5 Bxc3 11. bxc3 h6 12. Bxf6 Qxf6 13. f4 Nxe5 14. fxe5 Qc6
15. Qc2 Rb8 16. e4 Be6 17. a4 a6 18. Rfb1 b5 19. axb5 axb5 20. Rb4 Ra8 21. Rab1
Ra5 22. exd5 Bxd5 23. Bxd5 Qxd5 24. Qg2 Qd7 25. Qf3 1/2-1/2

[Event "LSKs 6:e int. junior"]
[Site "Malmoe"]
[Date "2000.06.17"]
[Round "3"]
[White "Stopa, Pawel"]
[Black "Siegbahn, Patrick"]
[Result "0-1"]
[WhiteElo "1700"]
[BlackElo "2067"]
[PlyCount "46"]
[EventDate "2000.06.??"]
[Source "Martin Tretvold"]

1. g3 d5 2. Bg2 Nf6 3. d3 c6 4. Nf3 Bf5 5. O-O e6 6. Ne5 Bd6 7. d4 Nbd7 8. Bf4
Qc7 9. Nxd7 Qxd7 10. Bxd6 Qxd6 11. e3 h5 12. h4 O-O-O 13. Nd2 Rdg8 14. Nf3 Bg4
15. Qd2 Bxf3 16. Bxf3 Kb8 17. a4 Ne4 18. Bxe4 dxe4 19. b4 g5 20. hxg5 Rxg5 21.
Kg2 h4 22. c4 hxg3 23. fxg3 Qxg3# 0-1

[Event "LSKs 6:e int. junior"]
[Site "Malmoe"]
[Date "2000.06.18"]
[Round "4"]
[White "Rasmussen, Allan Stig"]
[Black "Kulesza, Mateusz"]
[Result "1-0"]
[WhiteElo "2156"]
[BlackElo "2140"]
[PlyCount "37"]
[EventDate "2000.06.??"]
[Source "Martin Tretvold"]

1. e4 e6 2. d4 d5 3. exd5 exd5 4. c4 Bb4+ 5. Nc3 Nf6 6. Bd3 O-O 7. Nge2 dxc4 8.
Bxc4 h6 9. O-O Nbd7 10. a3 Bd6 11. Ng3 Nb6 12. Bb3 c6 13. Qd3 Bxg3 14. fxg3 Bg4
15. h3 Bh5 16. g4 Bg6 17. Qxg6 Qxd4+ 18. Kh1 Nfd5 19. Qe4 1-0

[Event "LSKs 6:e int. junior"]
[Site "Malmoe"]
[Date "2000.06.18"]
[Round "4"]
[White "Stopa, Jacek"]
[Black "Olsson, Linus"]
[Result "1/2-1/2"]
[WhiteElo "2084"]
[BlackElo "2105"]
[PlyCount "81"]
[EventDate "2000.06.??"]
[Source "Martin Tretvold"]

1. e4 c5 2. Nf3 d6 3. d4 cxd4 4. Nxd4 Nf6 5. Nc3 a6 6. Be3 e5 7. Nb3 Be6 8. f3
Be7 9. Qd2 O-O 10. O-O-O b5 11. g4 Nbd7 12. g5 Nh5 13. Nd5 Bxd5 14. exd5 Nb6
15. Na5 Qc7 16. Nc6 Rfe8 17. Qc3 Bf8 18. Qb3 Nf4 19. c4 Nxc4 20. Bxf4 exf4 21.
Bxc4 bxc4 22. Qxc4 g6 23. Kb1 Bg7 24. Qxf4 Re2 25. Rd2 Rae8 26. Rhd1 Qb6 27.
Qb4 Qf2 28. a3 Qxh2 29. Nd4 Rxd2 30. Qxd2 Qxd2 31. Rxd2 Re5 32. Nc6 Rxg5 33. b4
Rg1+ 34. Ka2 Rf1 35. a4 Rxf3 36. b5 axb5 37. axb5 Rf1 38. Kb3 Rb1+ 39. Kc4 Rc1+
40. Kb3 Rb1+ 41. Kc4 1/2-1/2

[Event "LSKs 6:e int. junior"]
[Site "Malmoe"]
[Date "2000.06.18"]
[Round "4"]
[White "Kyndel Pedersen, Christian"]
[Black "Mach, Petr"]
[Result "1/2-1/2"]
[WhiteElo "2089"]
[BlackElo "2215"]
[PlyCount "74"]
[EventDate "2000.06.??"]
[Source "Martin Tretvold"]

1. d4 Nf6 2. c4 g6 3. Nc3 Bg7 4. e4 d6 5. f3 O-O 6. Be3 c6 7. Qd2 a6 8. h4 e5
9. Nge2 b5 10. O-O-O Nbd7 11. h5 Qa5 12. hxg6 fxg6 13. dxe5 Nxe5 14. Nd4 b4 15.
Nb1 c5 16. Nc2 Rd8 17. a3 Be6 18. b3 Nc6 19. a4 Qc7 20. Qd3 Bh8 21. Bh6 Qf7 22.
Ne3 Nd4 23. f4 Bc8 24. Nd2 Ng4 25. Nxg4 Bxg4 26. Nf3 Nxf3 27. gxf3 Qf6 28. Rd2
Be6 29. Bh3 Bf7 30. Bg2 Qc3+ 31. Kd1 Bd4 32. Ke2 Re8 33. Rc2 Qxd3+ 34. Kxd3 Bc3
35. Re2 Rad8 36. Bg5 Rd7 37. Bh3 Rc7 1/2-1/2

[Event "LSKs 6:e int. junior"]
[Site "Malmoe"]
[Date "2000.06.18"]
[Round "4"]
[White "Pirklova, Hana"]
[Black "Mansson, Lars"]
[Result "0-1"]
[WhiteElo "2076"]
[BlackElo "2156"]
[PlyCount "76"]
[EventDate "2000.06.??"]
[Source "Martin Tretvold"]

1. e4 c6 2. d4 d5 3. e5 Bf5 4. Nf3 e6 5. Be2 Nd7 6. O-O Ne7 7. c3 Bg6 8. Nh4 c5
9. Nd2 Nc6 10. Nxg6 hxg6 11. Nf3 cxd4 12. cxd4 Be7 13. Be3 O-O 14. Rc1 Nb6 15.
Qc2 Rc8 16. Qb1 Na5 17. Bd2 Nac4 18. Bc3 Na4 19. Bd1 Nxc3 20. Rxc3 Bb4 21. Rb3
Qe7 22. a3 Ba5 23. Bc2 Rc7 24. Rd1 Rfc8 25. Bxg6 fxg6 26. Qxg6 Qf7 27. Qg4 Qf5
28. Qxf5 exf5 29. Rb5 Bb6 30. g3 f4 31. gxf4 Rf7 32. Rxd5 Rxf4 33. b3 Nb2 34.
Rd2 Rxf3 35. Rxb2 Rd3 36. Rd7 Bxd4 37. Kg2 Bxb2 38. Rxd3 Bxe5 0-1

-1/2

[Event "LSKs 6:e int. junior"]
[Site "Malmoe"]
[Date "2000.06.18"]
[Round "4"]
[White "Laksman, Efraim"]
[Black "Wakeham, Daniel"]
[Result "1/2-1/2"]
[WhiteElo "2121"]
[BlackElo "2104"]
[PlyCount "75"]
[EventDate "2000.06.??"]
[Source "Martin Tretvold"]

1. b3 d5 2. Bb2 Nf6 3. e3 g6 4. Be2 Bg7 5. Nc3 O-O 6. h4 Nc6 7. h5 d4 8. exd4
Nxd4 9. hxg6 fxg6 10. Bc4+ e6 11. Bd3 b6 12. Rh4 Nd5 13. g3 Bb7 14. Qg4 Nf5 15.
Rh2 Nxc3 16. Bxc3 Bxc3 17. dxc3 Qf6 18. Ne2 Nd6 19. O-O-O Bf3 20. Qd4 e5 21.
Qa4 e4 22. Bc4+ Nxc4 23. Qxc4+ Qf7 24. Qxf7+ Rxf7 25. Re1 Rd8 26. Nd4 c5 27.
Nxf3 exf3 28. Rh4 Kg7 29. b4 Rd5 30. Re3 g5 31. Rhe4 h6 32. Re5 Rxe5 33. Rxe5
cxb4 34. cxb4 Kf6 35. Re3 g4 36. c4 h5 37. Re4 Kg5 38. Re5+ 1/2-1/2

[Event "LSKs 6:e int. junior"]
[Site "Malmoe"]
[Date "2000.06.18"]
[Round "4"]
[White "Debowiak, Marcin"]
[Black "Stehno, Pavel"]
[Result "0-1"]
[WhiteElo "2114"]
[BlackElo "2103"]
[PlyCount "70"]
[EventDate "2000.06.??"]
[Source "Martin Tretvold"]

1. e4 d6 2. d4 Nf6 3. Bd3 g6 4. Ne2 Bg7 5. f3 Nbd7 6. Be3 c6 7. a4 O-O 8. c3 e5
9. O-O Re8 10. Nd2 d5 11. Qb3 Qc7 12. Kh1 b6 13. Bg1 Bb7 14. f4 exd4 15. e5 Nc5
16. Qc2 Nfd7 17. cxd4 Nxd3 18. Qxd3 Rac8 19. Rac1 Qd8 20. f5 c5 21. e6 fxe6 22.
fxg6 hxg6 23. Qxg6 Re7 24. Nf4 e5 25. dxe5 Nxe5 26. Qg3 Qd6 27. Nh5 Qg6 28. Qh4
d4 29. Nf4 Qd6 30. Rfe1 Rf7 31. h3 Qc6 32. Ne4 Rxf4 33. Qxf4 Nd3 34. Qg5 Nxc1
35. Qxc1 Re8 0-1

[Event "LSKs 6:e int. junior"]
[Site "Malmoe"]
[Date "2000.06.18"]
[Round "4"]
[White "Cherkasova, Marina"]
[Black "Tretvold, Martin"]
[Result "0-1"]
[WhiteElo "2133"]
[BlackElo "1745"]
[PlyCount "66"]
[EventDate "2000.06.??"]
[Source "Martin Tretvold"]

1. e4 e6 2. d4 d5 3. Nd2 Nf6 4. e5 Nfd7 5. Bd3 c5 6. c3 Nc6 7. Ngf3 cxd4 8.
cxd4 f6 9. Ng5 fxg5 10. Qh5+ g6 11. Bxg6+ hxg6 12. Qxg6+ Ke7 13. Nf3 Ndxe5 14.
dxe5 Kd7 15. Bxg5 Bb4+ 16. Kf1 Qg8 17. Qc2 Be7 18. Bxe7 Kxe7 19. h4 Bd7 20. Rh3
Rc8 21. Qc5+ Kd8 22. Qe3 Qf8 23. g4 Qb4 24. g5 Be8 25. b3 Bh5 26. Re1 Qe7 27.
Ng1 Qf7 28. Ne2 Rf8 29. Ng3 Bg4 30. Rh2 Bh5 31. Kg1 b6 32. Nxh5 Qxh5 33. Qg3
Nd4 0-1

[Event "LSKs 6:e int. junior"]
[Site "Malmoe"]
[Date "2000.06.18"]
[Round "4"]
[White "Stahlberg, David"]
[Black "Janaszak, David"]
[Result "0-1"]
[WhiteElo "1845"]
[BlackElo "2119"]
[PlyCount "50"]
[EventDate "2000.06.??"]
[Source "Martin Tretvold"]

1. d4 Nf6 2. Nf3 g6 3. c3 Bg7 4. Bf4 O-O 5. Qc2 d5 6. e3 c5 7. Nbd2 Nc6 8. h3
cxd4 9. exd4 Re8 10. Ne5 Nd7 11. Ndf3 f6 12. Nxd7 Bxd7 13. Qd2 Bf5 14. Be2 e5
15. dxe5 fxe5 16. Bg5 Qd7 17. Rd1 e4 18. Nh4 d4 19. Nxf5 Qxf5 20. cxd4 Nxd4 21.
Bc4+ Kh8 22. Bh6 Bf6 23. Bg5 e3 24. Bxf6+ Qxf6 25. fxe3 Rxe3+ 0-1

[Event "LSKs 6:e int. junior"]
[Site "Malmoe"]
[Date "2000.06.18"]
[Round "4"]
[White "Siegbahn, Patrick"]
[Black "Stahlberg, Adam"]
[Result "1-0"]
[WhiteElo "2067"]
[BlackElo "1857"]
[PlyCount "85"]
[EventDate "2000.06.??"]
[Source "Martin Tretvold"]

1. d4 d5 2. c4 e6 3. Nc3 Nf6 4. Bg5 Be7 5. Nf3 O-O 6. e3 h6 7. Bh4 Ne4 8. Bxe7
Qxe7 9. cxd5 Nxc3 10. bxc3 exd5 11. Qb3 Nc6 12. Bd3 Qd6 13. O-O Rb8 14. Nd2 Re8
15. e4 dxe4 16. Nxe4 Qg6 17. Qc2 Bf5 18. Nf6+ Qxf6 19. Bxf5 Re7 20. Rab1 b6 21.
Bd3 Nd8 22. Qa4 a5 23. Rfe1 Ne6 24. Qc6 Rbe8 25. Re5 g6 26. Rbe1 Kg7 27. Bc4
Ng5 28. Qxf6+ Kxf6 29. f4 Ne6 30. Bb5 Rc8 31. Bc6 Nd8 32. Rxe7 Nxc6 33. Re8 Rd8
34. Rxd8 Nxd8 35. Re8 Ne6 36. g3 Kf5 37. Kf2 Ke4 38. Re7 Kd3 39. Rxf7 Kxc3 40.
d5 Nc5 41. Rxc7 Kb2 42. Ke3 Kxa2 43. Rxc5 1-0

[Event "LSKs 6:e int. junior"]
[Site "Malmoe"]
[Date "2000.06.18"]
[Round "4"]
[White "Innab, Schass"]
[Black "Cherkasova, Evgenia"]
[Result "0-1"]
[WhiteElo "1899"]
[BlackElo "2046"]
[PlyCount "60"]
[EventDate "2000.06.??"]
[Source "Martin Tretvold"]

1. e4 e5 2. Nf3 Nc6 3. Bc4 Nf6 4. O-O Be7 5. Re1 O-O 6. c3 d6 7. d4 Bg4 8. d5
Nb8 9. Bd3 Nbd7 10. b4 a5 11. Be3 c6 12. dxc6 bxc6 13. Nbd2 d5 14. a3 Qc7 15.
Qc2 h6 16. Rec1 Nh5 17. exd5 cxd5 18. Bf5 Nhf6 19. Bxd7 Bxd7 20. Nb3 Ng4 21.
Bc5 e4 22. Bxe7 exf3 23. g3 Rfe8 24. Bc5 Re2 25. Qb1 Qe5 26. Qd3 Nxh2 27. Nd4
Qh5 28. b5 Rae8 29. Nxe2 Rxe2 30. b6 Qh3 0-1

[Event "LSKs 6:e int. junior"]
[Site "Malmoe"]
[Date "2000.06.18"]
[Round "4"]
[White "Rosell, Tomas"]
[Black "Stopa, Pawel"]
[Result "1-0"]
[WhiteElo "1968"]
[BlackElo "1700"]
[PlyCount "47"]
[EventDate "2000.06.??"]
[Source "Martin Tretvold"]

1. e4 d5 2. exd5 Qxd5 3. Nf3 c6 4. Be2 Nf6 5. O-O Bf5 6. d4 Qd6 7. c4 Qc7 8.
Nc3 Nbd7 9. Bg5 O-O-O 10. Qa4 h6 11. Bh4 e6 12. c5 a6 13. Bg3 e5 14. dxe5 Nxc5
15. exf6 Qxg3 16. hxg3 Nxa4 17. fxg7 Bxg7 18. Nxa4 Rde8 19. Rfe1 Bf6 20. Rac1
h5 21. Bxa6 Rxe1+ 22. Nxe1 h4 23. Rxc6+ Kd7 24. Rxf6 1-0

[Event "LSKs 6:e int. junior"]
[Site "Malmoe"]
[Date "2000.06.19"]
[Round "5"]
[White "Olsson, Linus"]
[Black "Rasmussen, Allan Stig"]
[Result "1/2-1/2"]
[WhiteElo "2105"]
[BlackElo "2164"]
[PlyCount "61"]
[EventDate "2000.06.??"]
[Source "Martin Tretvold"]

1. d4 f5 2. g3 Nf6 3. Bg2 e6 4. c4 Be7 5. Nf3 O-O 6. O-O d6 7. Nc3 Qe8 8. Re1
Qg6 9. e4 fxe4 10. Nxe4 Nxe4 11. Rxe4 Nc6 12. Re1 Bf6 13. Be3 Ne7 14. Nd2 Nf5
15. Ne4 e5 16. Nxf6+ gxf6 17. c5 Kh8 18. cxd6 cxd6 19. Kh1 Be6 20. d5 Nxe3 21.
Rxe3 Bd7 22. Rc1 Rfc8 23. Rec3 Rxc3 24. Rxc3 Rc8 25. Rxc8+ Bxc8 26. h3 Qe8 27.
Qc1 Qd8 28. Kh2 Kg7 29. a3 Bf5 30. Qe3 b6 31. Be4 1/2-1/2

[Event "LSKs 6:e int. junior"]
[Site "Malmoe"]
[Date "2000.06.19"]
[Round "5"]
[White "Kulesza, Mateusz"]
[Black "Stopa, Jacek"]
[Result "1/2-1/2"]
[WhiteElo "2140"]
[BlackElo "2084"]
[PlyCount "62"]
[EventDate "2000.06.??"]
[Source "Martin Tretvold"]

1. e4 Nf6 2. Nc3 d5 3. d3 dxe4 4. dxe4 Qxd1+ 5. Kxd1 Nc6 6. Bc4 Bg4+ 7. f3
O-O-O+ 8. Ke1 Bh5 9. Be3 Nd4 10. Bb3 e5 11. Kf2 Bc5 12. Nge2 Nd7 13. g4 Bg6 14.
Na4 Nxb3 15. axb3 Bxe3+ 16. Kxe3 f6 17. Nac3 a6 18. Nd5 Rhe8 19. Rad1 c6 20.
Nb4 Nc5 21. Nd3 Nxd3 22. Rxd3 Rxd3+ 23. Kxd3 Rd8+ 24. Ke3 Bf7 25. Nc3 Kc7 26.
Rd1 Rxd1 27. Nxd1 g5 28. Kd3 h5 29. h3 h4 30. Ne3 Be6 31. Kd2 a5 1/2-1/2

[Event "LSKs 6:e int. junior"]
[Site "Malmoe"]
[Date "2000.06.19"]
[Round "5"]
[White "Mach, Petr"]
[Black "Steno, Pavel"]
[Result "1/2-1/2"]
[WhiteElo "2215"]
[BlackElo "2103"]
[PlyCount "58"]
[EventDate "2000.06.??"]
[Source "Martin Tretvold"]

1. e4 e5 2. Nf3 Nc6 3. Bb5 a6 4. Ba4 d6 5. O-O Nf6 6. Re1 Be7 7. c3 O-O 8. h3
b5 9. Bc2 Bb7 10. d3 Nb8 11. Nbd2 c5 12. Nf1 Nbd7 13. Ng3 Re8 14. Be3 Qc7 15.
Qe2 Rad8 16. Rad1 Bf8 17. Bc1 h6 18. Nh2 d5 19. Qf1 dxe4 20. dxe4 c4 21. Ng4
Nxg4 22. hxg4 Bc5 23. g5 hxg5 24. Bxg5 f6 25. Be3 g6 26. Bxc5 Nxc5 27. Rxd8
Rxd8 28. Rd1 Rxd1 29. Qxd1 Qd7 1/2-1/2

[Event "LSKs 6:e int. junior"]
[Site "Malmoe"]
[Date "2000.06.19"]
[Round "5"]
[White "Mansson, Lars"]
[Black "Kyndel Pedersen, Pavel"]
[Result "1-0"]
[WhiteElo "2156"]
[BlackElo "2089"]
[PlyCount "35"]
[EventDate "2000.06.??"]
[Source "Martin Tretvold"]

1. e4 c5 2. Nf3 e6 3. d4 cxd4 4. Nxd4 Nf6 5. Nc3 Nc6 6. g3 Qb6 7. Nb3 Bb4 8.
Bg2 d6 9. O-O Bxc3 10. bxc3 Qc7 11. Be3 Ke7 12. Nd4 Ne8 13. Nb5 Qd7 14. Qe2 f6
15. Rad1 Kf7 16. f4 Na5 17. Nxd6+ Nxd6 18. Qh5+ 1-0

[Event "LSKs 6:e int. junior"]
[Site "Malmoe"]
[Date "2000.06.19"]
[Round "5"]
[White "Janaszak, David"]
[Black "Laksman, Efraim"]
[Result "1-0"]
[WhiteElo "2119"]
[BlackElo "2121"]
[PlyCount "57"]
[EventDate "2000.06.??"]
[Source "Martin Tretvold"]

1. e4 Nf6 2. e5 Nd5 3. d4 d6 4. c4 Nb6 5. exd6 cxd6 6. Nc3 g6 7. Nf3 Bg7 8. Be2
Nc6 9. h3 O-O 10. O-O d5 11. c5 Nc4 12. Bxc4 dxc4 13. Be3 Bf5 14. Qa4 Bd3 15.
Rfd1 e5 16. d5 e4 17. Rxd3 exf3 18. dxc6 Qxd3 19. cxb7 Rab8 20. c6 fxg2 21. Qd1
Qf5 22. Kxg2 Qa5 23. Bf4 Qb6 24. Qd6 Rbd8 25. Qc7 Qc5 26. Rd1 Bd4 27. Qxd8 Rxd8
28. c7 Qc6+ 29. Kh2 1-0

[Event "LSKs 6:e int. junior"]
[Site "Malmoe"]
[Date "2000.06.19"]
[Round "5"]
[White "Wakeham, Daniel"]
[Black "Siegbahn, Patrick"]
[Result "0-1"]
[WhiteElo "2104"]
[BlackElo "2067"]
[PlyCount "70"]
[EventDate "2000.06.??"]
[Source "Martin Tretvold"]

1. d4 Nf6 2. c4 g6 3. Nc3 Bg7 4. e4 d6 5. Be2 O-O 6. Nf3 e5 7. O-O Nc6 8. d5
Ne7 9. b4 Ne8 10. c5 f5 11. Ba3 h6 12. Nd2 f4 13. Bg4 Nf6 14. Bxc8 Nxc8 15. Rc1
g5 16. cxd6 cxd6 17. Nb5 Rf7 18. Qc2 Ne8 19. Qd3 g4 20. Rc2 Ne7 21. Rfc1 Ng6
22. Bb2 Bf8 23. a4 h5 24. a5 f3 25. g3 Bh6 26. Kh1 Rh7 27. Rd1 Bxd2 28. Qxd2 h4
29. Rdc1 hxg3 30. fxg3 Nf4 31. gxf4 g3 32. Rg1 Qh4 33. fxe5 Ng7 34. Bd4 Qxe4
35. Nxd6 f2+ 0-1

[Event "LSKs 6:e int. junior"]
[Site "Malmoe"]
[Date "2000.06.19"]
[Round "5"]
[White "Cherkasova, Evgenia"]
[Black "Pirklova, Hana"]
[Result "1-0"]
[WhiteElo "2046"]
[BlackElo "2076"]
[PlyCount "55"]
[EventDate "2000.06.??"]
[Source "Martin Tretvold"]

1. e4 e6 2. d4 d5 3. Nd2 Nf6 4. e5 Nfd7 5. Bd3 c5 6. c3 Nc6 7. Ne2 cxd4 8. cxd4
Qb6 9. Nf3 f6 10. exf6 Nxf6 11. O-O Bd6 12. Bg5 Bd7 13. a3 O-O-O 14. b4 h6 15.
Bd2 Rdf8 16. b5 Ne7 17. Qa4 Bc7 18. Rac1 Kd8 19. Rxc7 Qxc7 20. Rc1 Qb8 21. Bf4
Qa8 22. Bc7+ Ke8 23. Bd6 Ng4 24. h3 Rxf3 25. gxf3 Nf6 26. Nf4 Rg8 27. Bxe7 Kxe7
28. Qb4+ 1-0

[Event "LSKs 6:e int. junior"]
[Site "Malmoe"]
[Date "2000.06.19"]
[Round "5"]
[White "Tretvold, Martin"]
[Black "Rosell, Tomas"]
[Result "0-1"]
[WhiteElo "1745"]
[BlackElo "1968"]
[PlyCount "64"]
[EventDate "2000.06.??"]
[Source "Martin Tretvold"]

1. c4 e5 2. g3 f5 3. Bg2 Nf6 4. d3 d6 5. Nc3 c6 6. e4 g6 7. Nge2 Bg7 8. O-O O-O
9. exf5 gxf5 10. d4 Qc7 11. Be3 Ng4 12. Bc1 Na6 13. h3 Nf6 14. Be3 Be6 15. b3
Bf7 16. Rc1 Kh8 17. Kh2 Rae8 18. Qd2 Bg6 19. a3 Qf7 20. Ng1 Nh5 21. dxe5 f4 22.
gxf4 dxe5 23. f5 Bxf5 24. Nge2 Rd8 25. Qe1 Nf4 26. Nxf4 exf4 27. Bxa7 f3 28.
Bxf3 Bxh3 29. Bg2 Qf4+ 30. Kg1 Bxg2 31. Kxg2 Qg4+ 32. Kh1 Rf3 0-1

[Event "LSKs 6:e int. junior"]
[Site "Malmoe"]
[Date "2000.06.19"]
[Round "5"]
[White "Cherkasova, Marina"]
[Black "Debowiak, Marcin"]
[Result "1-0"]
[WhiteElo "2133"]
[BlackElo "2114"]
[PlyCount "71"]
[EventDate "2000.06.??"]
[Source "Martin Tretvold"]

1. e4 e6 2. d4 d5 3. Nd2 c5 4. exd5 Qxd5 5. Ngf3 cxd4 6. Bc4 Qd6 7. O-O Nf6 8.
Nb3 Nc6 9. Nbxd4 Nxd4 10. Nxd4 a6 11. Re1 Bd7 12. c3 Qc7 13. Bb3 O-O-O 14. Qf3
e5 15. Nc2 Bd6 16. h3 h6 17. Be3 Bc6 18. Qe2 g5 19. Nb4 Rd7 20. a4 Rg8 21. Nxc6
Qxc6 22. a5 Re7 23. Red1 Bc7 24. Ba4 Qe4 25. Bc2 Qc6 26. Ra4 Kb8 27. Rc4 Qe6
28. Bc5 Rd7 29. Rxd7 Nxd7 30. Bb4 f5 31. Bb3 Rd8 32. Rxc7 Qxb3 33. Bd6 Ka8 34.
Be7 Re8 35. Rxd7 Qe6 36. Rd8+ 1-0

[Event "LSKs 6:e int. junior"]
[Site "Malmoe"]
[Date "2000.06.19"]
[Round "5"]
[White "Stopa, Pawel"]
[Black "Innab, Schass"]
[Result "0-1"]
[WhiteElo "1700"]
[BlackElo "1899"]
[PlyCount "58"]
[EventDate "2000.06.??"]
[Source "Martin Tretvold"]

1. g3 e5 2. Bg2 Bc5 3. e4 Nc6 4. d3 d6 5. Nc3 Nge7 6. Nf3 Bg4 7. Nd5 Nxd5 8.
exd5 Nd4 9. Bg5 f6 10. Be3 Qd7 11. h3 Nxf3+ 12. Bxf3 Bxf3 13. Qxf3 Bxe3 14.
Qxe3 Qb5 15. c4 Qxb2 16. O-O Qb6 17. Qxb6 axb6 18. Rfe1 Kd7 19. a4 Ra6 20. Re2
Rha8 21. Rb2 Rxa4 22. Rxa4 Rxa4 23. g4 Ra3 24. Rd2 b5 25. cxb5 Rb3 26. b6 Rxb6
27. d4 Rb5 28. dxe5 dxe5 29. h4 Kd6 0-1

[Event "LSKs 6:e int. junior"]
[Site "Malmoe"]
[Date "2000.06.19"]
[Round "5"]
[White "Stahlberg, Adam"]
[Black "Stahlberg, David"]
[Result "1/2-1/2"]
[WhiteElo "1857"]
[BlackElo "1845"]
[PlyCount "29"]
[EventDate "2000.06.??"]
[Source "Martin Tretvold"]

1. d4 d5 2. c4 dxc4 3. e4 e5 4. Nf3 Bb4+ 5. Bd2 Bxd2+ 6. Nbxd2 exd4 7. Bxc4 Nf6
8. e5 Ng4 9. h3 Nh6 10. O-O O-O 11. Nb3 Nc6 12. Nbxd4 Nxd4 13. Qxd4 Qxd4 14.
Nxd4 Nf5 15. Nxf5 1/2-1/2

[Event "LSKs 6:e int. junior"]
[Site "Malmoe"]
[Date "2000.06.20"]
[Round "6"]
[White "Rasmussen, Allan Stig"]
[Black "Mansson, Lars"]
[Result "1/2-1/2"]
[WhiteElo "2164"]
[BlackElo "2156"]
[PlyCount "44"]
[EventDate "2000.06.??"]
[Source "Martin Tretvold"]

1. e4 c6 2. d4 d5 3. e5 Bf5 4. Nc3 Qb6 5. Bd3 Bxd3 6. Qxd3 e6 7. f4 Nh6 8. Nce2
c5 9. c3 Nc6 10. a3 cxd4 11. cxd4 Nf5 12. Nf3 h5 13. O-O Be7 14. g3 f6 15. Be3
O-O-O 16. b4 Kb8 17. Nc3 fxe5 18. fxe5 Nxe3 19. Qxe3 g5 20. Na4 Qb5 21. Nc5
Bxc5 22. bxc5 h4 1/2-1/2

[Event "LSKs 6:e int. junior"]
[Site "Malmoe"]
[Date "2000.06.20"]
[Round "6"]
[White "Kulesza, Mateusz"]
[Black "Mach, Petr"]
[Result "1-0"]
[WhiteElo "2140"]
[BlackElo "2215"]
[PlyCount "91"]
[EventDate "2000.06.??"]
[Source "Martin Tretvold"]

1. e4 c5 2. Nc3 Nc6 3. g3 g6 4. Bg2 Bg7 5. d3 d6 6. Be3 Rb8 7. Qd2 b5 8. Nge2
e6 9. O-O Nd4 10. Rae1 Ne7 11. Nd1 b4 12. Nc1 O-O 13. c3 bxc3 14. bxc3 Nb5 15.
Bh6 Bxh6 16. Qxh6 Qa5 17. h4 Nc6 18. h5 Nxc3 19. Ne3 Qd8 20. f4 gxh5 21. f5 f6
22. fxe6 Bxe6 23. Qxh5 Ne5 24. Bh3 Bf7 25. Qh6 Bg6 26. Rf2 Rb7 27. Ref1 Kh8 28.
Bf5 Rg7 29. Rh2 Qe8 30. Kh1 d5 31. exd5 Nxd5 32. Nxd5 Bxf5 33. Rxf5 Ng4 34. Qf4
Nxh2 35. Kxh2 Rg6 36. Qf2 Qc6 37. Ne2 a5 38. Nef4 Rh6+ 39. Nh3 Qe6 40. Kg2 Rd8
41. Qf3 Rd6 42. Nf2 Rg6 43. Ne3 Qc8 44. Nc4 Rd4 45. Rxf6 Rg8 46. Rf7 1-0